Where Did These 2022-2023 Players Play Before Joining Newcastle - Statistics

General Stats
  • This quiz has been taken 16 times
  • The average score is 28 of 37
Answer Stats
Player Nationality Position Year Joined Answer % Correct
Callum Wilson England FW 2020 AFC Bournemouth
100%
Joe Willock England MF 2021 Arsenal
100%
Kieran Trippier England DF 2022 Atletico Madrid
100%
Nick Pope England GK 2022 Burnley
100%
Anthony Gordon England FW 2023 Everton
100%
Matthew Longstaff England MF 2019 Newcastle(Academy)
100%
Matt Target England DF 2022 Aston Villa
92%
Dan Burn England DF 2022 Brighton & Hove Albion
92%
Chris Wood New Zealand FW 2022 Burnley
92%
Loris Karius Germany GK 2022 Liverpool
92%
Elliot Anderson Scotland MF 2021 Newcastle(Academy)
92%
Sean Longstaff England MF 2016 Newcastle(Academy)
92%
Joe White England MF 2021 Newcastle(Academy)
92%
Bruno Guimarães Brazil MF 2022 Olympique Lyonnais
92%
Alexander Isak Sweden FW 2022 Real Sociedad
92%
Ryan Fraser Scotland MF 2020 AFC Bournemouth
83%
Miguel Almirón Paraguay MF 2019 Atlanta United
83%
Jeff Hendrick Ireland MF 2020 Burnley
83%
Sven Botman Netherlands DF 2022 Lille
83%
Paul Dummett Wales DF 2010 Newcastle(Academy)
83%
Kelland Watts England DF 2018 Newcastle(Academy)
83%
Joelinton Brazil MF 2019 TSG 1899 Hoffenheim
83%
Allan Saint-Maximin France FW 2019 Nice
75%
Jamal Lewis Northern Ireland DF 2020 Norwich City
75%
Jacob Murphy England MF 2017 Norwich City
75%
Matt Ritchie Scotland DF 2016 AFC Bournemouth
67%
Ciaran Clark Ireland DF 2016 Aston Villa
67%
Karl Darlow England GK 2014 Nottingham Forest
67%
Jamaal Lascelles England DF 2014 Nottingham Forest
67%
Isaac Hayden England MF 2016 Arsenal
50%
Javier Manquillo Spain DF 2017 Atletico Madrid
50%
Martin Dúbravka Slovakia GK 2018 Sparta Prague
50%
Harrison Ashby Scotland DF 2023 West Ham United
50%
Garang Kuol Australia FW 2023 Central Coast Mariner
42%
Fabian Schär Switzerland DF 2018 Deportivo de La Coruña
42%
Mark Gillespie England GK 2020 Motherwell
33%
Emil Krafth Sweden DF 2019 Amiens
17%
No matching quizzes found
Score Distribution
Percent of People with Each Score
Percentile by Number Answered
Your Score History
You have not taken this quiz